Statistics for Los Angeles Lakers All-Time Scoring Leaders

Click here to take the quiz!

General Stats

  • This quiz has been taken 138 times
  • The average score is 12 of 20

Answer Stats

PointsPlayer% Correct
33643Kobe Bryant
99%
24176Kareem Abdul-Jabbar
96%
25192Jerry West
95%
13895Shaquille O'Neal
95%
17707Magic Johnson
88%
2314Elgin Baylor
84%
16320James Worthy
83%
7610Pau Gasol
75%
7223Derek Fisher
72%
10156George Mikan
62%
7789A.C. Green
50%
12780Byron Scott
50%
13044Gail Goodrich
50%
7729Michael Cooper
50%
7092Lamar Odom
42%
10601Jamaal Wilkes
34%
6531Vlade Divac
31%
7938Norm Nixon
26%
10063Vern Mikkelsen
23%
8231Rudy LaRusso
13%

Score Distribution

Percentile by Number Answered

Percent of People with Each Score

Your Score History

You have not taken this quiz